000 01687nam a2200325 i 4500
001 768714001
003 CO-MdFUSB
005 20210305123057.0
007 ta
008 200602t2010 mx |||| |||| 00| 0 spa d
020 _a9788420406039
040 _aCO-MdFUSB
_bspa
_cCO-MdFUSB
_dCO-MdFUSBC
_erda
041 _aspa
082 _223
_a863.64
_bR621
100 _aRivera Letelier, Hernán
_eautor
245 3 _aEl arte de la resurrección
_c/ Hernán Rivera Letelier
264 1 _aMéxico, D.F. :
_bAlfaguara,
_c[2010]
264 4 _c© 2010
300 _a254 páginas
_c; 24 cm
336 _2rdacontent
_atexto
_btxt
337 _2rdamedia
_asin mediación
_bn
338 _2rdacarrier
_avolumen
_bnc
490 _aPremio Alfaguara de novela
520 _a"Domingo Zárate Vega comenzó a advertir formas apocalípticas en las nubes y a acertar en la predicción de pequeños desastres. Tras la muerte de su madre, se hace ermitaño en el valle ed Elqui, donde descubre, a través de una visión, que él es nada menos que la reencarnación de Jesucristo. Cuando en 1942 se entera de que en la oficina Providencia vive una prostituta que venera a la Virgen del Carmen y que además se llama Magdalena, sale a buscarla con el propósito de que sea su discípula y amante, y juntos divulgar la inminente llegada del fin del mundo. El desierto chileno y las oficinas salitreras castigadas por el sol son los hostiles parajes donde el iluminado, más conocido como el Cristo de Elqui, causará revuelo entre los lugareños con sus prédicas santas.
563 _aRústico
653 _asegundo advenimiento
653 _aLiteratura chilena.
942 _cBK
945 _aJTF-925
999 _c65968
_d65968